000 00489 a2200193 4500
005 20260428130001.0
008 260428b |||||||| |||| 00| 0 eng d
020 _a9788196234607
_cRs. 795.00
040 _aMAIN
082 _a358.4
_bS51I
100 _aSingh, Sanchita
245 _aIndian air force: Touch the sky of glory
260 _bNisha Publications
_c2024
_aDelhi
300 _a200
650 _aMilitary Science
650 _aAir Forces
650 _aIndia
942 _cBK
999 _c395491
_d395491